000 02703cam a2200661 a 4500
001 20655
003 VRT
005 20260128145717.0
008 250414s1991 xo d 000 0 ger
015 _aSNBA1991/12
020 _a8008014083
_q(viaz.)
035 _aSNK000009345
035 _aurn:nbn:sk:snk-amlmz9
035 _aurn:nbn:sk:snk-am00bwk2
035 _aC54A96E1-D3B9-44C3-8C01-31E03D180BCD
039 9 _a202511021207
_bcsnk01
_c202504141312
_dVLOAD
_c202502121319
_dAUTHORITY
_c202402262002
_dVLOAD
040 _aSNK
_bslo
_cSNK
_eAACR2
041 0 _ager
_aslo
044 _axo
_cSK
080 _a801.323.2=20=854
_21981
080 _a803.0
_21981
080 _a808.54(038)
_21981
245 0 0 _aNemecko-slovenský slovník
_cMária Čierna ... [ et al.]
246 3 1 _aDeutsch-slowakisches Wörterbuch
250 _a3., zrev. vyd.
260 _aBratislava
_bSlovenské pedagogické nakladateľstvo
_c1991
_eČeský Těšín
_fTěšínská tiskárna
300 _a968 s.
_c29 cm
650 0 7 _anemčina
_2SNKPH
650 0 7 _aslovenčina
_2SNKPH
650 0 7 _anemecko-slovenské slovníky
_2SNKPH
655 7 _aprekladové slovníky
_2SNKPH
700 1 _aČierna, Mária,
_d1940-
_4aut
700 1 _aJuríková, Marta
_4aut
700 1 _aMenke, Elígius
_4aut
700 1 _aPavelka, Štefan,
_d1930-2013
_4ill
700 1 _aGéze, Ernest,
_d1930-
_4aut
942 _2ddc
_cOLDE
_n0
949 _63830001035847
_akurukSK-8106
949 _63830001035848
_akurukSK-8106
949 _617A0611629
_9P66, <07>, [BOOK], {667}
_asnkSB 48733 D1
949 _62889085480
_asavukV 38332
949 _63830001035846
_akurukSK-8106
949 _6270001000048890
_asvkbbC 32977
_bsvkbbm 566140
_ooprava väzby
949 _asnslp02.3 NEME
_bsnslp384
949 _60133072924
_asnmk
_bsnmk72924
949 _617A0807869
_asnkSB 48733
_s6100:20160606
949 _63830001000962
_akurukJ2.1/1
_oPrezenčná literatúra
949 _63830001000961
_akurukJ2.1/1
_oPrezenčná literatúra
949 _63694001007174
_akurukGS-1/3
_oKniha vyradená z KF, pozri Zoznam úbytkov 1/2008, č.58; ZC FF
_s6722:20071129
949 _6270001000267255
_asvkbbC 32977-a
_bsvkbbm 594168
949 _63875K03191
_abauluvS 19
_bbauluv/03191
949 _6273K0081211
_asvkpoC 25218
_bsvkpo378408
_oPV 212/92
949 _6369701000003049
_aaubbJ 286
_baubbJ286
949 _6369701000003048
_aaubbJ 949
_baubbJ949
949 _617A1363360
_asnkSB 48733 D2
_bsnk2019/11105
_oNanovospracovaný fond príručnej knižnice, pôvodný prírastok S-370/ALU 1999
_qVrátené z príručnej knižnice
_rVrátené z príručnej knižnice
999 _c20655
_d20655